| Tag |
First Indicator |
Second Indicator |
Subfields |
| LEADER |
00000nam a2200000 4500 |
| 001 |
in00004189613 |
| 005 |
20200806082400.0 |
| 006 |
m g d |
| 007 |
cr bn |||a|bb| |
| 008 |
980710s1643 enk o o00 eng d |
| 035 |
|
|
|a (UnM)99888075
|
| 037 |
|
|
|a CL2105000002
|b ProQuest Information and Learning. 300 N. Zeeb Rd., Ann Arbor, MI 48106
|
| 040 |
|
|
|a Cu-RivES
|c Cu-RivES
|d Cu-RivES
|e dcrb
|
| 043 |
|
|
|a e-uk-en
|
| 110 |
1 |
|
|a England and Wales.
|b Sovereign (1625-1649 : Charles I).
|
| 245 |
1 |
2 |
|a A copy of His Maiestys most gracious letter to the Lord Major and aldermen of his city of London, and all other his wel-affected subjects of that city..
|
| 246 |
2 |
|
|a Copy of His Majestys most gracious letter to the lord Major and aldermen of his city of London, and all other his wel-affected subjects of that city
|
| 260 |
|
|
|a [London :
|b publisher not identified,
|c 1647]
|
| 300 |
|
|
|a 1 online resource (1 sheet ([1] pages).
|
| 336 |
|
|
|a text
|b txt
|2 rdacontent
|
| 337 |
|
|
|a computer
|b c
|2 rdamedia
|
| 338 |
|
|
|a online resource
|b cr
|2 rdacarrier
|
| 500 |
|
|
|a Imprint suggested by Wing.
|
| 500 |
|
|
|a "Given at our court at Oxford in the 19. yeare of our raign, 26. Decem. 1643."
|
| 500 |
|
|
|a Initial; type ornament head-lines.
|
| 500 |
|
|
|a Copy at reel 29:2[379] contain manuscript letter on verso, dated '17 Aug.'
|
| 500 |
|
|
|a Imperfect: copy at reel C25:2[24] includes only 'A copy of His Maiestys most gracious letter ...'
|
| 500 |
|
|
|a Reproduction of original in the British Library.
|
| 510 |
4 |
|
|a Wing (CD-ROM, 1996)
|c C2167
|
| 510 |
4 |
|
|a Early English books tract supplement interim guide
|c 105.f.17[24]
|
| 510 |
4 |
|
|a Early English books tract supplement interim guide
|c 190.g.13[378]
|
| 533 |
|
|
|a Electronic reproduction.
|b Ann Arbor, Mich. :
|c UMI,
|d 1999-
|f (Early English books online)
|n Digital version of: (Early English books; Tract supplement ; C25:2[24]; C29:2[379])
|7 s1999 miun s
|
| 650 |
|
0 |
|a Broadsides
|z England
|z London
|v Early works to 1800.
|
| 650 |
|
0 |
|a Prerogative, Royal
|z England
|v Early works to 1800.
|
| 651 |
|
0 |
|a London (England)
|x History
|y 17th century.
|
| 651 |
|
0 |
|a Great Britain
|x History
|y Civil War, 1642-1649
|v Early works to 1800.
|
| 700 |
1 |
|
|a Violet, Thomas,
|d fl. 1634-1662.
|
| 740 |
0 |
2 |
|a To the Right Honourable the Lord Maior, Aldermen, and Common Counsell of the City of London. These.
|
| 740 |
0 |
2 |
|a For the Worth. Mr. Michell Esquire, Towne-Clerke of the Citie of London. July 16. 1647.
|
| 830 |
|
0 |
|a Early English books online.
|
| 856 |
4 |
0 |
|u http://proxy.library.tamu.edu/login?url=https://search.proquest.com/docview/2264221673
|z Connect to the full text of this electronic book
|t 0
|
| 856 |
4 |
0 |
|u http://proxy.library.tamu.edu/login?url=https://search.proquest.com/docview/2264221978
|z Connect to the full text of this electronic book
|t 0
|
| 999 |
f |
f |
|s da2f1f7b-f612-306e-99a5-c2f8a3d0a9a4
|i 77831fd2-e712-3888-93e4-760db1c3104c
|t 0
|
| 952 |
f |
f |
|a Texas A&M University
|b College Station
|c Electronic Resources
|d Available Online
|t 0
|h No information provided
|
| 998 |
f |
f |
|t 0
|l Available Online
|